000 01541nam a2200133Ia 4500
008 220615s9999||||xx |||||||||||||| ||und||
020 _a9783040000000
245 0 _aCalixarene Complexes: Synthesis, Properties and Applications
546 _aEnglish[eng]
650 _athiosemicarbazone||calix[4]arene||metal complex||X-ray structure||antimicrobial||anticancer||copper||supramolecular||inclusion complex||fluorescence||sensor||density functional theory||calix[3]arenes||metacyclophanes||calixarene-analogous metacyclophanes||inherent chirality||host-guest chemistry||dihomooxacalix[4]arenes||naphthyl(thio)urea anion receptors||alkylammonium hydrochlorides||ditopic receptors||chiral recognition||NMR studies||UV-Vis absorption studies||fluorescence studies||X-ray diffraction||DFT calculations||calixarene||resorcinarene||pillararene||antibiotic||fungicide||biofilm inhibition||calixarenes||threading||chirality||barfate salts||pseudorotaxane||chiral axles||chiral wheels.||calixarene-like structure||polyoxometalates||nitronate||crystal structure||host–guest chemistry||anion receptor||anion||sensors||lanthanides||UV–vis studies||quantum yields||lifetime measurements||noncovalent synthesis||hierarchical control||calix[4]tubes||metallo-porphyrins||phthalimide derivatives||conventional synthesis||microwave irradiation||ball milling||NMR spectroscopy||electronic absorption and fluorescence studies
700 _aBerberan-Santos, Mario||Marcos, Paula M.
856 _uhttps://mdpi.com/books/pdfview/book/4189
942 _cEB
999 _c17838
_d17838